000 00615nam a2200181Ia 4500
008 090123s9999 xx 000 0 und d
082 _b33737
100 _aकुलकर्णी द.भि.
245 _aपहिल्यांदा रणांगण
250 _a1
260 _bपॉप्युलर प्रकाशन
_c1999
300 _a277
600 _aकुलकर्णी द.भि.
630 _aपहिल्यांदा रणांगण
700 _aकुलकर्णी द.भि.
730 _aपहिल्यांदा रणांगण
942 _cBOOK
999 _c71793
_d71793